000
00317nam a2200121Ia 4500
008
190216s9999||||xx |||||||||||||| ||und||
100
_a
William Archibald Dunning
245
0
_a
Rashtriya Sidhandha Charithram
260
_b
Kerala Bhasha Institute
_c
1974
300
_a
340p
650
_a
Political Science
942
_c
BK
999
_c
37822
_d
37822